000 01047cam a22003497a 4500
003 CHAP
005 20220817043123.0
008 971013s1985 r 00010 d
010 _a66254
011 _a67226
035 _a76696
040 _cCHAP
082 _a597.09
_bF3
110 _aFAO
245 0 _aFAO species identification sheets for fishery purposes
260 _aRome :
_bFAO,
_c1985
300 _av.
_b: ilus.
500 _aLa biblioteca tiene : Southern ocean
590 _aBATCH-UPD
_b10
_c20130110
_lUCH01
_h0516
590 _aBATCH-UPD
_b10
_c20130410
_lUCH01
_h1618
590 _aBATCH-UPD
_b10
_c20130914
_lUCH01
_h1627
590 _aCONVERSION
_b10
_c20130109
_lUCH01
_h1336
650 1 4 _aPeces.
_986441
650 1 4 _aPeces
_xClasificación.
_986445
650 1 4 _aRecursos marinos.
700 0 _aFisher, W.
_941117
700 0 _aHureau, J. C.
_956969
901 _aBK
942 _cLIBRO
949 _a597.09 F3
_bBC
_cFAO
_d-29552
_eFAO1
_h68775
_i76696
_si
949 _a597.09 F3
_bBC
_cFAO
_d-93647
_eFAO2
_fc.2
_h68776
_i76696
_si
999 _c66254
_d66254